000 00902nam a22002897a 4500
003 CHAP
005 20220329135405.0
008 971013s1943 r 00010 d
010 _a35539
011 _a36511
035 _a40630
040 _cCHAP
082 _a352.5
_bM4 1942-43
110 _aMéxico. Secretaría de Comunicaciones y Obras Públicas
_977156
245 _aMemoria, 1942-43
260 _a(México, D.F.) :
_bLa Secretaría,
_c(1943)
300 _apág. varía
_b: ilus
590 _aBATCH-UPD
_b10
_c20130110
_lUCH01
_h2102
590 _aBATCH-UPD
_b10
_c20130410
_lUCH01
_h1415
590 _aBATCH-UPD
_b10
_c20130914
_lUCH01
_h0825
590 _aCONVERSION
_b10
_c20130109
_lUCH01
_h1320
650 1 4 _aCaminos
_xMéxico.
_917864
650 1 4 _aObras públicas
_xMéxico.
_982563
901 _aBK
942 _cLIBRO
949 _a352.5 M4 1942-43
_bBC
_cBPP
_d-92845
_eBPP
_h6960
_i40630
_mD
_si
999 _c35539
_d35539